000 00578nam a2200229Ia 4500
003 OSt
005 20220924132748.0
006 a|||||r|||| 00| 0
007 ta
008 220923b |||||||| |||| 00| 0 urd d
024 _a250032
037 _cTextual
040 _aARTS
_cARTS
_burd
041 _2urd
_aurd
082 _aO168v2.N4, J3
100 _aHusain Sayid Ijaz
_9204964
245 0 _aTarikh adab e urdu
260 _c1953
650 _aURDU LITERATURE
942 _hO168v2.N4, J3
_cTEXL
_2CC
999 _c431505
_d431505